000 00586nam a2200169 i 4500
001 50587
003 ES-MaACL
005 20230906162214.0
007 t|
008 030805s1969 sp ||||1| spa d
100 1 _aCubells, Fernando.
_941925
245 1 3 _aEl concepto de puro en Kant y su sentido epistemológico en la crítica de la razón práctica /
_cFernando Cubells.
260 _aValencia :
_b[s.n.,
_c1969] (
_fGráf. Soler)
300 _a178 p. ;
_c24 cm.
500 _aEs separata de: "Anales de Seminario de Valencia", nº 13, 1967.
852 _aES-MaACL
_jC-37874
_bR.69598
999 _c50587
_d50587